Statistiques concernant personnage black clover

Cliquez ici pour prendre le quiz!

Statistiques générales

  • Ce quiz a été pris 370 fois
    (367 depuis la dernière actualisation)
  • Le résultat moyen est 31 sur 135

Statistiques - réponses

HintRéponse% Correct
1asta
100%
2yuno
98%
5yami
97%
3noelle
90%
7luck
80%
13vanessa
78%
8magna
77%
4mimosa
72%
15finral
70%
9charmy
66%
31fuegoleon
65%
33charlotte
62%
24nozel
61%
60licht
60%
18gordon
59%
42jack
57%
14grey
56%
32mereoleona
52%
12zora
52%
10henry
48%
114lily
48%
6vengeance
48%
22leopold
46%
94marie
46%
40rill
46%
34sol
46%
21langris
44%
62fana
43%
11gauche
43%
20julius novachrono
43%
48mars
42%
23klaus
41%
16nacht
38%
84liebe
35%
17secre
35%
106sekke
35%
26solid
34%
73zenon
34%
72dante
33%
35dorothy
33%
39marx
32%
27acier
29%
108lumiel
27%
25nebra
27%
58rhya
27%
77megicula
26%
74vanica
25%
55lolopechka
24%
57vetto
22%
78lucifero
20%
47sally
19%
36zara
19%
46valtos
18%
43gueldre
17%
38kirsch
17%
112nash
17%
45rades
17%
93kahono
16%
83zagred
16%
50fanzell
15%
92kiato
15%
49ladros
15%
103theresa
15%
101neige
14%
53lotus
13%
89reine des sorciere
13%
41kaiser
12%
28sylph
12%
109damnatio
11%
56gadjah
10%
52mariella
10%
107owen
10%
44revchi
9%
30undine
9%
111augustus kira clover
8%
120catherine
8%
91gio
8%
115orsi
8%
70charla
7%
110finesse
7%
19morgen
7%
113recca
7%
67ronne
7%
61tetia
7%
102baro
6%
63drowa
6%
90gifso
6%
65lira
6%
59patolli
6%
104rebecca scarlet
6%
64reve
6%
135rossa
6%
29salamander
6%
134ado
5%
121aruru
5%
123ciel
5%
37cob
5%
51code
5%
69eclat
5%
119george
5%
117hollo
5%
66lufulu
5%
97potrof
5%
133baval
4%
118heath grice
4%
132kivn
4%
81lilith
4%
105marco scarlet
4%
96floga
3%
126foyal
3%
125gaderois
3%
124loyce
3%
54moris
3%
82nahamah
3%
122nathan agrippa
3%
75ralph
3%
68ratri
3%
99richita
3%
95sarado
3%
98smurik
3%
79zenon demon
3%
116drouot
2%
71dryad
2%
87gimodelo
2%
130halbet
2%
131hischer
2%
80lucifugus
2%
85plumede
2%
129robero
2%
127sivoir
2%
128svenkin
2%
76alfred
1%
86slotos
1%
88walgner
1%
100makusa north
0%

Distribution des résultats

Percentile par nombre de réponses

% des personnes avec chaque résultat

Votre développement - résultats

Vous n’avez pas pris ce quiz depuis la dernière actualisation